|
|
|
|
| LEADER |
00868nam a22002292a 4500 |
| 001 |
001623073 |
| 003 |
CZ BrMZK |
| 005 |
20180720112459.0 |
| 007 |
ta |
| 008 |
180329s1964 xr a er|||||||||||cze d |
| 015 |
|
|
|a cnb000481268
|
| 035 |
|
|
|a (OCoLC)42087841
|
| 040 |
|
|
|a ABA001
|b cze
|c PNA001
|d ABA001
|d BOA001
|
| 080 |
9 |
|
|a 73/76(437.1 Karlovy Vary)(069)+[92(437.1 Karlovy Vary):73/76
|
| 245 |
0 |
0 |
|a Karlovarští výtvarníci 1964 :
|b [katalog výstavy] : Galerie umění - Karlovy Vary 18.10.-31.12.1964 /
|c texty připr. Anna Linhartová
|
| 260 |
|
|
|a Karlovy Vary :
|b Galerie umění,
|c 1964
|
| 300 |
|
|
|a 19 nečísl. s. :
|b il. ;
|c příč. 8°
|
| 700 |
1 |
|
|a Fidlerová, Anna,
|d 1919-2016
|7 jk01072183
|4 edt
|
| 910 |
|
|
|a BOA001
|b X-0528.512
|
| 990 |
|
|
|a BK
|
| 991 |
|
|
|b 201803
|
| 996 |
6 |
|
|b 2618943791
|c X-0528.512
|l MZK
|r Sklad / do 24 hodin
|n 0
|w 001658719
|u 000010
|a 1
|e BOA001
|j MZK50
|s P
|